Trailer Park Boys Characters - Statistics

General Stats
  • This quiz has been taken 25 times
  • The average score is 13 of 15
Answer Stats
Hint Answer % Correct
Large Glasses Bubbles
100%
Wanna be Rapper J Roc
100%
Ricky's Baby Momma Lucy
100%
Assistant Trailer Park Supervisor Randy
100%
Lahey's Ex Wife Barb
96%
Rum and Muscular Julian
96%
Track Pants Ricky
96%
Jail Bait 1 Cory
91%
Lucy's Best Friend Sarah
91%
Jail Bait 2 Trevor
91%
Trailer Park Supervisor Lahey
87%
Corvette Cyrus
83%
Greasy Caveman Sam Losco
78%
J Roc's best friend Tyrone
65%
Military Trailer Park Supervidor Leslie
35%
No matching quizzes found
Score Distribution
Percent of People with Each Score
Percentile by Number Answered
Your Score History
You have not taken this quiz